Statystyki dla Miasta przy Drodze Krajowej nr 12

Kliknij tutaj aby rozwiązać quiz!

Ogólne statystyki

  • Ten quiz został rozwiązany 74 razy
  • Średni wynik to 12 z 22

Statystyki odpowiedzi

WojewództwoMiasto% Poprawnych
LubelskieLublin
83%
MazowieckieRadom
81%
WielkopolskieKalisz
73%
ŁódzkiePiotrków Trybunalski
73%
DolnośląskieGłogów
67%
WielkopolskieLeszno
67%
LubuskieŻary
64%
LubelskieChełm
61%
ŁódzkieSieradz
61%
LubuskieŻagań
61%
MazowieckiePuławy
59%
LubuskieWschowa
55%
WielkopolskieJarocin
53%
ŁódzkieZduńska Wola
53%
ŁódzkieOpoczno
50%
ŁódzkieŁask
42%
LubuskieŁęknica
42%
LubuskieSzprotawa
42%
UkrainaDorohusk
41%
WielkopolskieGostyń
39%
LubuskieSzlichtyngowa
38%
DolnośląskiePrzemków
28%

Rozkład punktacji

Percentyl według liczby udzielonych odpowiedzi

Procent ludzi z każdym wynikiem

Twoja historia wyników

Nie rozwiązałeś tego quizu